Sociální sítě: dobrý sluha, nebo zlý pán?
Negatívne i pozitívne dopady sociálnych sietí na život a duševné zdravie ľudí. Spôsoby zmysluplného využívania technológií.
Gespeichert in:
| 1. Verfasser: | |
|---|---|
| Format: | Buchkapitel |
| Sprache: | Tschechisch |
| Schlagworte: | |
| Tags: |
Keine Tags, Fügen Sie das erste Tag hinzu!
|
MARC
| LEADER | 00000naa a2200000 4500 | ||
|---|---|---|---|
| 001 | 0256983 | ||
| 005 | 20190709133536.9 | ||
| 041 | 0 | |a cze | |
| 044 | |a CZ | ||
| 245 | 1 | 0 | |a Sociální sítě: dobrý sluha, nebo zlý pán? |c Kristýna Moučková |
| 520 | |a Negatívne i pozitívne dopady sociálnych sietí na život a duševné zdravie ľudí. Spôsoby zmysluplného využívania technológií. | ||
| 610 | 2 | 0 | |a siete sociálne |
| 610 | 2 | 0 | |a technológie nové |
| 610 | 2 | 0 | |a starostlivosť o zdravie |
| 610 | 2 | 0 | |a vplyvy na prácu |
| 610 | 2 | 0 | |a dôsledky sociálne |
| 610 | 2 | 0 | |a zdroje informácií |
| 100 | 1 | |a Moučková, Kristýna | |